Stolice świata najbliżej Kairu - Statystyki

Ogólne statystyki
  • Ten quiz został rozwiązany 73 razy
  • Średni wynik to 11 z 20
Statystyki odpowiedzi
km stolica % Poprawnych
423 Jerozolima
89%
1110 Ankara
79%
1123 Ateny
78%
1742 Trypolis
78%
611 Damaszek
73%
1634 Rijad
71%
1292 Bagdad
70%
604 Nikozja
67%
584 Bejrut
65%
1625 Chartum
65%
490 Amman
60%
1576 Sofia
51%
1615 Kuwejt
46%
1596 Skopje
46%
1624 Tirana
46%
1692 Valletta
46%
1668 Prisztina
35%
1648 Erywań
32%
1663 Bukareszt
30%
428 Ramallah
16%
Nie znaleziono quizów pasujących do podanych kryteriów
Rozkład punktacji
Procent ludzi z każdym wynikiem
Percentyl według liczby udzielonych odpowiedzi
Twoja historia wyników
Nie rozwiązałeś tego quizu